Statistiques concernant Culture Générale - Série 1418

Cliquez ici pour prendre le quiz!

Statistiques générales

  • Ce quiz a été pris 64 fois
  • Le résultat moyen est 3 sur 10

Statistiques - réponses

QuestionRéponse% Correct
De quel pays fait partie l'île de Rhodes ?Grèce
93%
Complétez le titre du film réalisé par Nicolas Vanier en 2017 : "L'école ...buissonnière
43%
Dans quel massif montagneux français se situe le mont Aigoual ?massif central
38%
Quelle locution latine utilise-t-on dans un texte pour attirer l'attention du lecteur ?nota bene
28%
Dans quelle ville est mort Louis de Funès ?Nantes
17%
Dans quel département français se situe la commune de Marans ?Charente-Maritime
15%
Dans quel département français est situé le pays du Bessin ?Calvados
12%
Dans quel pays européen se trouve la ville de Bor ?Serbie
12%
Dans quelle ville est né Louis de Funès ?Courbevoie
7%
Cette variété de plante porte le nom d'une ville de Cisjordanie, c'est la rose de ...Jéricho
3%

Distribution des résultats

Percentile par nombre de réponses

% des personnes avec chaque résultat

Votre développement - résultats

Vous n’avez pas pris ce quiz